Meghalt dr. Pálmai József. Életének 68. évében

Elmentve itt :
Bibliográfiai részletek
Dokumentumtípus: Cikk
Megjelent: 1982-02-05
Sorozat:Délmagyarország 72 No. 30
Kulcsszavak:Pálmai József
Online Access:http://dmarchiv.bibl.u-szeged.hu/98280
LEADER 00422nab a2200145 i 4500
001 delm98280
005 20190625093115.0
008 190625s1982 hu o 0|| hun d
040 |a SZTE Délmagyarország Archívum  |b hun 
041 |a hun 
245 0 0 |a Meghalt dr. Pálmai József. Életének 68. évében  |h [elektronikus dokumentum] 
260 |c 1982-02-05 
300 |a 8 
490 0 |a Délmagyarország  |v 72 No. 30 
695 |a Pálmai József